The trial of Mr. Gandhi / (Record no. 18488)

MARC details
000 -LEADER
fixed length control field 00786cam a2200265 4500
001 - CONTROL NUMBER
control field 2767729
003 - CONTROL NUMBER IDENTIFIER
control field BDDh-ASL
005 - DATE AND TIME OF LATEST TRANSACTION
control field 20231015025717.0
008 - FIXED-LENGTH DATA ELEMENTS--GENERAL INFORMATION
fixed length control field 700205s1969 enk 001 0 eng
010 ## - LIBRARY OF CONGRESS CONTROL NUMBER
LC control number 79439127
015 ## - NATIONAL BIBLIOGRAPHY NUMBER
National bibliography number B69-24350
020 ## - INTERNATIONAL STANDARD BOOK NUMBER
International Standard Book Number 0333083520
040 ## - CATALOGING SOURCE
Original cataloging agency DLC
Transcribing agency DLC
Modifying agency BDDh-ASL
050 00 - LIBRARY OF CONGRESS CALL NUMBER
Classification number LAW
082 00 - DEWEY DECIMAL CLASSIFICATION NUMBER
Classification number 923.254
Item number WAT
100 1# - MAIN ENTRY--PERSONAL NAME
Personal name Watson, Francis,
Dates associated with a name 1907-
245 14 - TITLE STATEMENT
Title The trial of Mr. Gandhi /
Statement of responsibility, etc. with a foreword by Earl Mountbatten of Burma.
260 ## - PUBLICATION, DISTRIBUTION, ETC.
Place of publication, distribution, etc. London:
Name of publisher, distributor, etc. Macmillan,
Date of publication, distribution, etc. 1969.
300 ## - PHYSICAL DESCRIPTION
Extent 288 p. :
Dimensions 23 cm.
350 ## - PRICE (NR) (BK AM CF MU VM SE) [OBSOLETE]
Price 63/-
504 ## - BIBLIOGRAPHY, ETC. NOTE
Bibliography, etc. note Includes bibliographical references and index.
600 10 - SUBJECT ADDED ENTRY--PERSONAL NAME
Personal name Gandhi,
Titles and other words associated with a name Mahatma,
Dates associated with a name 1869-1948
General subdivision Trials, litigation, etc.
906 ## - LOCAL DATA ELEMENT F, LDF (RLIN)
a 7
b cbc
c orignew
d u
e ncip
f 19
g y-gencatlg
942 ## - ADDED ENTRY ELEMENTS (KOHA)
Source of classification or shelving scheme Dewey Decimal Classification
Koha item type Books
Holdings
Withdrawn status Lost status Source of classification or shelving scheme Damaged status Not for loan Collection code Home library Current library Shelving location Date acquired Source of acquisition Total Checkouts Full call number Barcode Date last seen Copy number Price effective from Koha item type Public note
    Dewey Decimal Classification   Not For Loan Non-fiction Asiatic Society Library Asiatic Society Library Harrison Collection 10/11/2020 Donated by Prof. John B. Harrison   923.254 WAT 101680 10/11/2020 C-1 10/11/2020 Books RARE

Powered by Koha